Szczegóły MARC21

Historja filozofji. T. 1 /

003 -Nazwa inst., której nr kontr. jest w polu 001 [,]
    • @
    • Nazwa instytucji, której n kontrolny jest w polu 001
    • NUKAT
005 -DATA I CZAS OSTATNIEJ MODYFIKACJI [,]
    • @
    • pole kontrolne
    • 20241231104634.0
040 -Instytucja sporządzająca opis [ , ]
    • a
    • Instytucja, która sporządziła opis (NP)
    • KR 295/BO
    • c
    • Instytucja, która sporządziła rekord (NP)
    • KR 295/BO
    • d
    • Instytucja, która zmodyfikowała rekord (P)
    • KR 295/SP
    • d
    • Instytucja, która zmodyfikowała rekord (P)
    • WA 004/ZW
041 -Język dokumentu [1, ]
    • a
    • Język tekstu (P)
    • polski
    • h
    • Język tekstu oryginalnego i/lub pośredniego (P)
    • łaciński
942 -Rodzaj dokumentu [ , ]
    • c
    • Rodzaj dokumentu
    • Książka
100 -Hasło główne - nazwa osobowa [1, ]
    • a
    • Nazwa osobowa (NP)
    • Klimke, Friedrich August
    • d
    • Daty biograficzne (NP)
    • (1878-1924).
    • 9
    • KHW
    • 523316
240 -Tytuł ujednolicony [1,0]
    • a
    • Tytuł ujednolicony
    • Institutiones historiae philosophiae
    • l
    • Język tekstu
    • (pol.)
    • 9
    • KHW
    • 523319
245 -Strefa tytułu i oznaczenia odpowiedzialności [1,0]
    • a
    • Tytuł
    • Historja filozofji. Find
    • n
    • Oznaczenie części (P)
    • T. 1 /
    • c
    • Pozostałe elementy strefy tytułu i oznaczenia odpowiedzialności (NP)
    • Fryderyk Klimke ; z oryg. łac. przeł. Franciszek Zbroja.
246 -Wariant tytułu [3, ]
    • a
    • Tytuł (NP)
    • Historia filozofii
260 -Strefa adresu wydawniczego [ , ]
    • a
    • Miejsce wydania (P)
    • Kraków :
    • b
    • Nazwa wydawcy (P)
    • nakł. Wydawnictwa Ks. Jezuitów,
    • c
    • Data wydania (P)
    • 1929
    • e
    • Miejsce druku (NP)
    • (Kraków :
    • f
    • Nazwa drukarni (P)
    • Drukarnia "Przeglądu Powszechnego").
300 -Strefa opisu fizycznego [ , ]
    • a
    • Określenie formy książki i/lub objętość (NP)
    • 423 s. ;
    • c
    • Format (NP)
    • 25 cm.
336 -Typ zawartości [ , ]
    • a
    • Termin opisujący typ zawartości
    • Tekst
    • b
    • Kod określający zawartość
    • txt
    • 2
    • Źródło (terminu i kodu)
    • rdacontent
337 -Typ mediów [ , ]
    • a
    • Tryb odtwarzania
    • Bez urządzenia pośredniczącego
    • b
    • Kod typu mediów
    • n
    • 2
    • Źródło (terminu i kodu)
    • rdamedia
338 -Typ/rodzaj nośnika [ , ]
    • a
    • Hasło opisujące typ nośnika
    • Wolumin
    • b
    • Kod typu nośnika
    • nc
    • 2
    • Źródło (terminu i kodu)
    • rdacarrier
510 -Uwaga dot. cytaty bibliograficznej [3, ]
    • a
    • Nazwa źródła
    • BNPol online.
650 -Hasło przedmiotowe [ ,7]
    • a
    • Hasło przedmiotowe
    • Filozofia starożytna.
    • 2
    • Źródło terminu
    • kaba
    • 9
    • KHW
    • 108769
650 -Hasło przedmiotowe [ ,7]
    • a
    • Hasło przedmiotowe
    • Scholastyka.
    • 2
    • Źródło terminu
    • kaba
    • 9
    • KHW
    • 129848
650 -Hasło przedmiotowe [ ,7]
    • a
    • Hasło przedmiotowe
    • Filozofia nowożytna.
    • 2
    • Źródło terminu
    • kaba
    • 9
    • KHW
    • 108760
700 -Hasło dodatkowe - nazwa osobowa [1, ]
    • a
    • Nazwa osobowa (NP)
    • Zbroja, Franciszek Find
    • d
    • Daty biograficzne (NP)
    • (1889-1963).
    • e
    • Określenie rodzaju współpracy
    • Tł.
    • 9
    • KHW
    • 523317
710 -Hasło dodatkowe - nazwa ciała zbiorowego [2, ]
    • a
    • Nazwa ciała zbiorowego lub nazwa geograficzna jako pierwszy element (NP)
    • Wydawnictwo Apostolstwa Modlitwy (Kraków).
    • 4
    • Kod relacji
    • pbl
    • 9
    • KHW
    • 71906
Status udost. Numer inwentarzowy Lokalizacja
1F.19515BNS
1F.24904BNS